Capitali sopra i 1000 m di altitudine - Statistics

Statistiche generali
  • Questo quiz è stato fatto 39 volte
  • Il punteggio medio è 16 su 30
Statistiche sulle risposte
Altitudine (m) Continente Capitale % Corretto
3 640 America del Sud La Paz
92%
2 625 America del Sud Bogotà
89%
2 850 America del Sud Quito
86%
2 240 America del Nord Città del Messico
81%
1 079 America del Sud Brasilia
78%
1 400 Asia Kathmandu
76%
1 680 Africa Nairobi
73%
2 790 America del Sud Sucre
70%
1 350 Asia Ulan Bator
62%
2 355 Africa Addis Abeba
59%
2 334 Asia Thimphu
54%
1 023 Europa Andorra la Vella
51%
2 325 Africa Asmara
51%
1 830 Asia Teheran
51%
1 0529 America del Nord Città del Guatemala
49%
1 120 Africa Dodoma
46%
1 567 Africa Kigali
46%
1 270 Africa Lusaka
46%
1 271 Africa Pretoria
46%
1 790 Asia Kabul
43%
1 483 Africa Harare
41%
1 190 Africa Kampala
41%
1 672 Africa Maseru
41%
1 146 America del Nord San José
41%
1 243 Africa Mbabane
32%
1 024 Africa Lilongwe
30%
1 721 Africa Windhoek
30%
1 504 Africa Gitega
27%
2 250 Asia Sana'a
16%
1 288 Africa Antananarivo
11%
Nessun quiz corrispondente trovato
Distribuzione punteggi
Percentuale di utenti per punteggio
Percentile per numero di risposta
I tuoi punteggi nel tempo
Non hai fatto questo quiz